000
00329nam a2200145Ia 4500
100
_a
Desphande/ Kulkarni
942
_c
BK
654
_a
Enginerring materials
245
_a
Guide to engg. materials
260
_b
Popular book Store
_a
Surat
_c
1967
082
_a
671
_b
Des/Kul
300
_a
270
546
_a
ENGLISH
999
_c
33164
_d
33164